00458nam a2200193Ia 4500008004100000020001800041050001400059100002100073245003000094245002100124260001500145260001600160260000900176300001500185300002700200300001000227440001900237500000800256170918s9999 xx 000 0 und d a9780439418171 bJ544 2003 aJennings, Sharon aFranklin's reading club / cSharon Jennings. aNew York : bScholastic, c2003 a32 pages : bcolored illustration ; c23cm. aKids can read. a250